00370nam a2200121Ia 45000010005000000080041000050820017000461000062000632450055001252600026001809010027002069990015002332903241024s9999 xx 000 0 und d aRD/350/IN59c aInstituto de Desarrollo y Crédito Cooperativo (IDECOOP) 0aCruzada de defensa del honor la dignidad pública bAmigo del Hogarc2013 a13/6/2013 3:00:03 p.m. c9494d9494